A national strategy for semiconductors : An agenda for the president, the congress, and the industry

में बचाया:
ग्रंथसूची विवरण
स्वरूप: पुस्तक
भाषा:Undetermined
प्रकाशित: Washington 1992
विषय:
टैग : टैग जोड़ें
कोई टैग नहीं, इस रिकॉर्ड को टैग करने वाले पहले व्यक्ति बनें!
Thư viện lưu trữ: Trung tâm Học liệu Trường Đại học Cần Thơ
LEADER 00472nam a2200157Ia 4500
001 CTU_98441
008 210402s9999 xx 000 0 und d
082 |a 338 
082 |b N277 
245 2 |a A national strategy for semiconductors : 
245 3 |b An agenda for the president, the congress, and the industry 
260 |a Washington 
260 |c 1992 
650 |a Semiconductors industry 
904 |i Tuyến 
980 |a Trung tâm Học liệu Trường Đại học Cần Thơ